000 00320nam a22001457a 4500
008 230328b ||||| |||| 00| 0 eng d
020 _a9781464189456
041 _aeng
080 _2THIRD EDITION
_a159.9
082 _a159.9SCH
100 _a25
101 _aPSI
245 _aPSYCHOLOGY
_cSCHACTER
942 _2udc
_cBK
999 _c59465
_d59465